Why I wear a helmet (Khmer and English) / (Record no. 48615)
| 000 -LEADER | |
|---|---|
| fixed length control field | 00392nam a2200109 4500 |
| 020 ## - INTERNATIONAL STANDARD BOOK NUMBER | |
| International Standard Book Number | 9789924370321 |
| 100 ## - MAIN ENTRY--PERSONAL NAME | |
| Personal name | Um Sam Eourn, |
| Relator term | author. |
| 9 (RLIN) | 86132 |
| 245 ## - TITLE STATEMENT | |
| Title | Why I wear a helmet (Khmer and English) / |
| Statement of responsibility, etc | written by Um Sam Eou, Illustrated by Sauphorn Aniza. |
| 260 ## - PUBLICATION, DISTRIBUTION, ETC. (IMPRINT) | |
| Place of publication, distribution, etc | Phnom Penh, Cambodia : |
| Name of publisher, distributor, etc | Fount of Wisdom Publishing House Organization ; |
| Date of publication, distribution, etc | 2023. |
| 300 ## - PHYSICAL DESCRIPTION | |
| Extent | 21 pages. |
| 942 ## - ADDED ENTRY ELEMENTS (KOHA) | |
| Source of classification or shelving scheme | |
| Koha item type | Book |
| Withdrawn status | Lost status | Source of classification or shelving scheme | Damaged status | Not for loan | Home library | Current library | Date acquired | Total Checkouts | Full call number | Barcode | Date last seen | Date checked out | Price effective from | Koha item type |
|---|---|---|---|---|---|---|---|---|---|---|---|---|---|---|
| Logos International School | Logos International School | 03/17/2025 | 1 | KHMER E UM | 040522 | 08/14/2025 | 07/22/2025 | 03/17/2025 | Book |